| 000 | 00833nam a2200265 u 4500 | ||
|---|---|---|---|
| 001 | 000041503 | ||
| 005 | 20200120222358.0 | ||
| 008 | 101015s1984 cau r 000 0 spa d | ||
| 020 | _a848280930X | ||
| 043 | _as-ck--- | ||
| 082 | 0 | 4 |
_aAN _bGLU |
| 100 | 1 | _aGlut, Donald F. | |
| 245 | 1 | 3 |
_aEl imperio contraataca / _cDonald F. Glut ; Traducción : Horacio González Trejo. |
| 260 |
_aBogotá : _bOveja negra, _c1984. |
||
| 300 | _a190 p. | ||
| 490 | 0 | _aBest sellers; 30 | |
| 500 | _aBasada en el relato de George Lucas: "La guerra de las galaxias". | ||
| 534 | _tThe empire strikes back | ||
| 546 | _aSpa. | ||
| 650 | 1 | 7 | _aNovela estadounidense |
| 650 | 2 | 7 | _aLiteratura estadounidense - siglo XX |
| 650 | 2 | 7 | _aLiteratura de ciencia ficción |
| 650 | 2 | 7 | _aVida en otros planetas |
| 700 | 1 | _eGonzález Trejo, Horacio, Trad. | |
| 999 |
_c2563 _d2563 |
||